000 00750nam a2200217 i 4500
001 51134
003 ES-MaACL
007 t|
008 030811s1969 sp ||||1| spa d
100 1 _aCharbonneaux, Jean.
_938061
245 1 0 _aGrecia arcaica
_b: (620-480 a. de J.C.) /
_cJean Charbonneaux, Roland Martin, Francois Villard ; traducción de José Antonio Miguez.
260 _a[Madrid] :
_bAguilar,
_c[1969]
300 _aX, 438 p., 34 lám. :
_b2 map. ;
_c28 cm.
490 1 _aEl universo de las formas
700 1 _aMartin, Roland.
_977372
700 1 _aVillard, Francois.
_9115108
700 1 _aMíguez, José Antonio.
_981053
830 0 _aEl universo de las formas
_9181490
852 _aES-MaACL
_jE-6956
_bR.51282
999 _c51134
_d51134